100 Biggest Cities of the Southern United States in 1850 with a Map - Statistics

General Stats
  • This quiz has been taken 654 times
  • The average score is 44 of 100
Answers on the Map
Answers color-coded by a green-red scale on the quiz's map according to % correct below.
 
Answer Stats
Population State Cities % Correct
116,375 LA New Orleans
97%
2,396 TX Houston
94%
2,572 GA Atlanta
92%
169,054 MD Baltimore
92%
42,985 SC Charleston
91%
1,881 MS Jackson
91%
10,165 TN Nashville
91%
27,570 VA Richmond
91%
1,353 TN South Nashville
91%
8,841 TN Memphis
90%
3,905 LA Baton Rouge
89%
40,001 DC Washington
89%
2,015 NC Washington
89%
43,194 KY Louisville
87%
15,312 GA Savannah
87%
2,167 AR Little Rock
86%
20,515 AL Mobile
85%
3,488 TX San Antonio
85%
8,728 AL Montgomery
83%
4,518 NC Raleigh
79%
6,060 SC Columbia
73%
2,977 TN Columbia
73%
2,076 TN Knoxville
73%
8,159 KY Lexington
73%
1,743 VA Lexington
73%
14,326 VA Norfolk
71%
13,979 DE Wilmington
71%
7,264 NC Wilmington
71%
1,943 FL Key West
69%
4,177 TX Galveston
68%
2,863 AL Huntsville
65%
1,728 LA Shreveport
65%
9,448 GA Augusta
63%
8,734 VA Alexandria
62%
5,720 GA Macon
61%
3,011 MD Annapolis
60%
3,308 KY Frankfort
60%
2,164 FL Pensacola
58%
1,661 GA Athens
57%
5,942 GA Columbus
56%
2,611 MS Columbus
56%
3,678 MS Vicksburg
51%
11,435 VA Wheeling
51%
1,893 NC Greenville
50%
1,305 SC Greenville
50%
1,934 FL St. Augustine
49%
6,028 MD Frederick
44%
4,646 NC Fayetteville
42%
8,071 VA Lynchburg
42%
5,895 KY Newport
42%
1,890 VA Charlottesville
41%
1,917 TN Murfreesboro
40%
14,190 LA Lafayette
39%
14,010 VA Petersburg
35%
4,061 VA Fredericksburg
33%
4,434 MS Natchez
33%
2,428 KY Paducah
32%
9,408 KY Covington
31%
8,122 VA Portsmouth
31%
8,366 DC Georgetown
30%
1,628 SC Georgetown
30%
3,879 MD Hagerstown
29%
1,728 AL Selma
29%
1,215 KY Owensboro
28%
1,514 VA Danville
25%
4,681 NC New Bern
24%
1,298 TX New Braunfels
24%
1,218 VA Parkersburg
24%
3,857 VA Winchester
23%
6,073 MD Cumberland
22%
1,202 DE New Castle
20%
1,747 VA Harpers Ferry
19%
1,691 VA Leesburg
19%
1,978 NC Oxford
18%
1,775 KY Henderson
16%
1,356 SC Sumterville
15%
1,507 VA Charles Town
12%
2,190 VA Martinsburg
10%
1,320 AL Talladega
10%
1,413 MD Easton
9%
1,523 GA LaGrange
9%
1,335 MD Havre de Grace
8%
2,216 GA Milledgeville
8%
1,554 TN Lebanon
7%
1,242 LA Thibodeaux
7%
1,661 NC Beaufort
6%
1,607 NC Edenton
5%
2,320 GA Griffin
5%
1,252 SC Abbeville
4%
1,544 AL Marion
4%
3,840 KY Maysville
4%
1,615 TN Shelbyville
4%
1,561 VA Shepherdstown
3%
1,464 NC Smithville
3%
1,470 LA Carrollton
2%
1,481 KY Harrodsburg
2%
1,272 KY Russellville
2%
2,326 DE Cedar Creek
1%
1,621 TN Edgefield
1%
1,242 NC Warrenton
1%
No matching quizzes found
Score Distribution
Percent of People with Each Score
Percentile by Number Answered
Your Score History
You have not taken this quiz